[Event "IV Rapidplay"]
[Site "Mirabal ESP"]
[Date "2001.05.05"]
[Round "3"]
[White "Almagro Llanas,P"]
[Black "Anand,V"]
[Result "0-1"]
[WhiteElo "2290"]
[BlackElo "2794"]

1.e4 c5 2.Nf3 d6 3.d4 cxd4 4.Nxd4 Nf6 5.Nc3 a6 6.f3 e6 7.Be3 b5 8.Qd2 Nbd7
9.g4 Nb6 10.a4 Nc4 11.Bxc4 bxc4 12.O-O Bb7 13.b4 cxb3 14.Rab1 Be7 15.Rxb3 Qc7
16.Rfb1 Bc8 17.Rb6 Nd7 18.Rc6 Qd8 19.f4 Rb8 20.Qc1 O-O 21.Rc4 Bb7 22.Nc6 Bxc6
23.Rxc6 Rc8 24.Rxc8 Qxc8 25.Qd2 Qc6 26.Qd3 Rc8 27.Rb3 h6 28.Kf2 Bf6 29.Ne2 Qxa4
30.Qxd6 Rxc2 31.Qd3 Qc6 32.Kf3 Nf8 33.Nd4 Bxd4 34.Bxd4 Ng6 35.Rc3 Rxc3 36.Qxc3 Qb5
37.f5 Qf1+ 38.Bf2 Nf4 39.fxe6 Nxe6 40.Qc8+ Kh7 41.Qd7 Ng5+ 42.Ke3 Qc1+ 43.Ke2 Qc2+
44.Kf1 Qxe4  0-1

[Event "Golden Cleopatra Open"]
[Site "Cairo EGY"]
[Date "2001.05.06"]
[Round "5"]
[White "Sarwat,W"]
[Black "Roeder,M"]
[Result "0-1"]
[WhiteElo "2356"]
[BlackElo "2459"]

1.e4 c5 2.Nf3 d6 3.d4 cxd4 4.Nxd4 Nf6 5.Nc3 a6 6.f3 e5 7.Nb3 Be6 8.Be3 Be7
9.Qd2 O-O 10.O-O-O b5 11.g4 b4 12.Na4 Nc6 13.g5 Nd7 14.h4 Qc7 15.h5 Rac8
16.Kb1 Rfd8 17.Qf2 Nc5 18.Nbxc5 dxc5 19.Bd3 Nd4 20.Bxd4 Rxd4 21.g6 c4 22.Be2 Qc6
23.h6 fxg6 24.Rxd4 exd4 25.Qxd4 Bf6 26.e5 Bg5 27.Qd6 gxh6 28.Qxb4 Bf4 29.Nb6 Rb8
30.Bxc4 Bxe5 31.Rd1 Qxb6 32.Qxb6 Rxb6 33.Rd8+ Kf7 34.Rd7+ Kf6  0-1

[Event "54th ch-RUS"]
[Site "Elista RUS"]
[Date "2001.05.07"]
[Round "7"]
[White "Smirnov,P"]
[Black "Shipov,S"]
[Result "1-0"]
[WhiteElo "2511"]
[BlackElo "2640"]

1.e4 c5 2.Nf3 d6 3.d4 cxd4 4.Nxd4 Nf6 5.Nc3 a6 6.f3 e6 7.Be3 b5 8.g4 Nfd7
9.Qd2 Nb6 10.O-O-O N8d7 11.Bg5 Qc7 12.Ndxb5 axb5 13.Nxb5 Qc6 14.Nxd6+ Bxd6
15.Qxd6 Qxd6 16.Rxd6 Ba6 17.Bxa6 Rxa6 18.a3 h5 19.h4 hxg4 20.fxg4 f6 21.Be3 Ke7
22.Rhd1 Rb8 23.Rc6 Ra7 24.Rdd6 Rab7 25.Rxe6+ Kf7 26.g5 Nc8 27.Bf4 Ra8 28.h5 fxg5
29.Bxg5 Ra5 30.Rg6 Na7 31.Ra6 Re5 32.h6 gxh6 33.Bxh6 Rxe4 34.Rg7+ Ke8 35.Bg5 Kf8
36.Rag6 Nc6 37.Rh7 Ne7 38.Rgg7 Nb6 39.Bf6  1-0

[Event "XXXVI Capablanca Mem Premier I"]
[Site "Havana CUB"]
[Date "2001.05.10"]
[Round "5"]
[White "Leyva,R"]
[Black "Szekely,P"]
[Result "1/2-1/2"]
[WhiteElo "2400"]
[BlackElo "2429"]

1.e4 c5 2.Nf3 d6 3.d4 cxd4 4.Nxd4 Nf6 5.Nc3 a6 6.f3 Nc6 7.g4 h6 8.Bc4 e6
9.Be3 Na5 10.Bd3 e5 11.Nb3 Be6 12.Qd2 Be7 13.O-O-O Rc8 14.Kb1 Nc4 15.Bxc4 Rxc4
16.h4 Nd7 17.g5 h5 18.Nd5 Bxd5 19.Qxd5 Qc8 20.Na5 Rc7 21.f4 exf4 22.Bxf4 O-O
23.Bxd6 Bxd6 24.Qxd6 g6 25.Nb3 Re8 26.Rhe1 Ne5 27.c3 Rd7 28.Qf6 Rxd1+ 29.Rxd1  1/2-1/2

[Event "XXXVI Capablanca Mem Premier II"]
[Site "Havana CUB"]
[Date "2001.05.14"]
[Round "8"]
[White "Otero,D"]
[Black "Herrera,I"]
[Result "0-1"]
[WhiteElo "2416"]
[BlackElo "2432"]

1.e4 c5 2.Nf3 d6 3.d4 cxd4 4.Nxd4 Nf6 5.Nc3 a6 6.f3 e6 7.Be3 b5 8.g4 Bb7
9.Qd2 Nfd7 10.O-O-O Nb6 11.Nb3 Nc4 12.Bxc4 bxc4 13.Nc5 Bc6 14.e5 d5 15.f4 Qa5
16.Qf2 d4 17.Bxd4 Bxh1 18.Nxe6 fxe6 19.Bb6 Bc5 20.Bxc5 Nd7 21.Ba3 Bd5 22.Qh4 Nc5
23.Nxd5 exd5 24.Rxd5 Rc8 25.Qh5+ g6 26.Qh4 O-O 27.Bxc5 Rxf4 28.c3 Rf1+ 29.Kd2 Rxc5
30.Rd8+ Rf8 31.Rxf8+ Kxf8 32.Qf6+ Ke8 33.Qh8+ Kd7 34.Qxh7+ Kc8 35.Qxg6 Rxe5
36.Qc6+ Qc7 37.Qxa6+ Kb8 38.Kc1 Re1+ 39.Kd2 Re5 40.Kc1 Qd8 41.b3 cxb3 42.Qc4 Re1+
43.Kb2 Qd2+ 44.Kxb3 Rb1+ 45.Ka3 Qd6+ 46.Ka4 Qd7+ 47.Ka5 Qa7+ 48.Qa6 Qxa6+
49.Kxa6 Rh1 50.a4 Rxh2 51.c4 Rg2 52.c5 Rxg4 53.a5 Rb4 54.c6 Rb2  0-1

[Event "XXXVI Capablanca Mem Elite"]
[Site "Havana CUB"]
[Date "2001.05.15"]
[Round "9"]
[White "Vallejo Pons,F"]
[Black "Abreu,A"]
[Result "1-0"]
[WhiteElo "2559"]
[BlackElo "2480"]

1.e4 c5 2.Nf3 d6 3.d4 cxd4 4.Nxd4 Nf6 5.Nc3 a6 6.f3 e5 7.Nb3 Be6 8.Be3 Be7
9.Qd2 Nbd7 10.g4 h6 11.O-O-O b5 12.h4 Nb6 13.Qf2 Nfd7 14.Kb1 Qc7 15.Nd5 Bxd5
16.exd5 Nc4 17.Bc1 Ndb6 18.Rh2 Na4 19.Bd3 e4 20.Bxe4 Bf6 21.Nd4 Qc5 22.c3 b4
23.Bc2 Ncxb2 24.Bxb2 Nxb2 25.Qe1+ Kf8 26.Kxb2 Rb8 27.Bb3 a5 28.a4 Rc8 29.Rc2 Rb8
30.Ka2 Qb6 31.f4 g6 32.Nc6 Re8 33.Qf2 Qxf2 34.Rxf2 Bxc3 35.Nxa5 Kg7 36.Nc6 Re3
37.Rc2 Rhe8 38.a5 Ra8 39.Rf1 Kg8 40.f5 gxf5 41.Rxf5 Bg7 42.Rf4 Re1 43.Rb2 Bc3
44.Bc2 Rc1 45.Kb3 Re8 46.Rb1 Rxb1+ 47.Bxb1 Re1 48.Bc2 Ra1 49.Rxb4 Bxb4 50.Kxb4  1-0

[Event "IX Guillermo Garcia Mem Alfil"]
[Site "Santa Clara CUB"]
[Date "2001.05.23"]
[Round "1"]
[White "Teran Alvarez,I"]
[Black "Herrera,I"]
[Result "0-1"]
[WhiteElo "2382"]
[BlackElo "2432"]

1.e4 c5 2.Nf3 d6 3.d4 cxd4 4.Nxd4 Nf6 5.Nc3 a6 6.f3 e6 7.Be3 b5 8.Qd2 Nbd7
9.O-O-O Bb7 10.g4 Nb6 11.Qf2 Nfd7 12.Bd3 Rc8 13.Nce2 Nc5 14.Kb1 Nba4 15.h4 Be7
16.g5 Qc7 17.Rd2 O-O 18.h5 f6 19.g6 h6 20.Bxh6 gxh6 21.Qe3 f5 22.Qxh6 Bf6
23.g7 Bxg7 24.Rg1 fxe4 25.Nf4 Rxf4 26.Rdg2 Rcf8 27.Nxe6 Nxe6 28.Qxe6+ Kh8
29.h6 Bf6 30.Bxe4 Bxe4 31.Qxe4 Bxb2 32.Qg6 Bf6 33.Rh1 Nc3+ 34.Kc1 Nxa2+ 35.Kb1 Nc3+
36.Kc1 Ne2+ 37.Rxe2 Rg8 38.h7 Rf8 39.Qh5 Bg7 40.Qd5 Qc3  0-1

[Event "IX Guillermo Garcia Mem Alfil"]
[Site "Santa Clara CUB"]
[Date "2001.05.29"]
[Round "6"]
[White "Teran Alvarez,I"]
[Black "Abreu,A"]
[Result "0-1"]
[WhiteElo "2382"]
[BlackElo "2480"]

1.e4 c5 2.Nf3 d6 3.d4 cxd4 4.Nxd4 Nf6 5.Nc3 a6 6.f3 e5 7.Nb3 Be6 8.Be3 Nbd7
9.Qd2 b5 10.a4 b4 11.Nd5 Bxd5 12.exd5 Nb6 13.Bxb6 Qxb6 14.a5 Qb7 15.Bc4 g6
16.Ra4 Rb8 17.Nc1 Qc8 18.b3 h5 19.Nd3 Bh6 20.Qe2 O-O 21.O-O Re8 22.Kh1 e4
23.Nxb4 h4 24.Bxa6 Qc3 25.Nc6 Ra8 26.Bb7 exf3 27.Qxf3 Re1 28.Bxa8 h3 29.Qf2 Qd2
30.Ne7+ Kh7 31.Qg1 Be3 32.Rh4+ Nh5 33.Rxf7+  0-1

[Event "2nd IECC"]
[Site "Ohrid MKD"]
[Date "2001.06.04"]
[Round "4"]
[White "Lastin,A"]
[Black "Hulak,K"]
[Result "0-1"]
[WhiteElo "2627"]
[BlackElo "2564"]

1.e4 c5 2.Nf3 d6 3.d4 cxd4 4.Nxd4 Nf6 5.Nc3 a6 6.f3 e5 7.Nb3 Be6 8.Be3 Be7
9.Qd2 h5 10.a4 Nbd7 11.a5 Rc8 12.Be2 Qc7 13.O-O O-O 14.Rfd1 Rfd8 15.Bf1 d5
16.exd5 Nxd5 17.Nxd5 Bxd5 18.Qxd5 Nf6 19.Qc4 Qxc4 20.Bxc4 Rxc4 21.c3 Nd5
22.Bf2 Rcc8 23.g3 f5 24.Re1 Bd6 25.Rad1 Nf6 26.Bb6 Rd7 27.Kg2 Kf7 28.Rd2 g6
29.h3 Rc4 30.Red1 Ke6 31.Re2 Bb8 32.Rde1 Rd5 33.Nd2 Rc6 34.Nf1 Nd7 35.Ne3 Nxb6
36.axb6 Rd3 37.c4 Kf7 38.g4 f4 39.Nd1 Rxc4 40.Nf2 Rd5 41.Ne4 Rc6 42.gxh5 gxh5
43.h4 Rxb6 44.Rc1 Rd8 45.Kh2 Rg6 46.Rc4 Bd6 47.Ng5+ Kf6 48.Rc1 Kf5 49.Rce1 Re8
50.Re4 Re7 51.Rd1 Rc7 52.Rd2 Be7 53.Rd5 Bf6 54.Re2 Re7 55.Ne4 Bxh4 56.Nd6+ Kf6
57.Kh3 Bg3 58.Nc4 Rg5 59.Nd6 Ke6 60.Red2 Be1 61.Rd1 Rg3+ 62.Kh2 Rxf3 63.Ne4 Re3  0-1

[Event "2nd IECC"]
[Site "Ohrid MKD"]
[Date "2001.06.06"]
[Round "6"]
[White "Fedorov,Alex"]
[Black "Aronian,L"]
[Result "1/2-1/2"]
[WhiteElo "2590"]
[BlackElo "2528"]

1.e4 c5 2.Nf3 d6 3.d4 cxd4 4.Nxd4 Nf6 5.Nc3 a6 6.f3 e5 7.Nb3 Be6 8.Be3 Nbd7
9.g4 b5 10.g5 b4 11.Ne2 Nh5 12.Qd2 h6 13.f4 hxg5 14.fxg5 g6 15.Bg2 Bg4 16.Nbc1 a5
17.O-O Be7 18.a3 Nb6 19.b3 bxa3 20.Rxa3 a4 21.Ra1 Rc8 22.Rf2 axb3 23.cxb3 Nd7
24.Nd3 Nc5 25.Ra7 O-O 26.Nxc5 dxc5 27.Nc3 Be6 28.Nd5 Bxd5 29.Qxd5 Nf4 30.Qxe5 Bd6
31.Qf6 Qxf6 32.gxf6 Nxg2 33.Kxg2 Rfe8 34.Bf4 Bxf4 35.Rxf4 c4 36.bxc4 Rxc4
37.Kf3 Rc3+ 38.Kg4 Rc5 39.Rd7 g5 40.Rf5 Rxe4+ 41.Kxg5 Rxf5+ 42.Kxf5 Re2  1/2-1/2

[Event "2nd IECC"]
[Site "Ohrid MKD"]
[Date "2001.06.09"]
[Round "8"]
[White "Gunnarsson,J"]
[Black "Shneider,A"]
[Result "1/2-1/2"]
[WhiteElo "2366"]
[BlackElo "2516"]

1.e4 c5 2.Nf3 d6 3.d4 cxd4 4.Nxd4 Nf6 5.Nc3 a6 6.f3 e5 7.Nb3 Be6 8.Be3 h5
9.Qd2 Nbd7 10.Nd5 Bxd5 11.exd5 Qc7 12.Na5 g6 13.c4 b6 14.Nc6 Nb8 15.Nxb8 Qxb8
16.Be2 Bg7 17.O-O O-O 18.b4 Nd7 19.Rab1 Qa7 20.Bd1 a5 21.a3 axb4 22.axb4 f5
23.Bb3 Kh7 24.Rfc1 f4 25.Bf2 e4 26.fxe4 f3 27.Rc2 Ne5 28.Ra2 Qc7 29.Rxa8 Rxa8
30.c5 bxc5 31.bxc5 fxg2 32.Bd1 dxc5 33.d6 Qc6 34.Qd5 Qxd5 35.exd5 Nd3 36.d7 Nxf2
37.Kxf2 Ra2+ 38.Be2 Bd4+ 39.Kf3 Bf6 40.Rg1 Rd2 41.Rxg2 Rxd5 42.Bb5 g5 43.Ke4 Re5+
44.Kd3 Kg7  1/2-1/2

[Event "White Nights"]
[Site "St Petersburg RUS"]
[Date "2001.06.10"]
[Round "2"]
[White "Melnikov,D"]
[Black "Gerasimovitch,O"]
[Result "1-0"]
[WhiteElo "2283"]
[BlackElo "2101"]

1.e4 c5 2.d4 cxd4 3.Nf3 d6 4.Nxd4 Nf6 5.Nc3 a6 6.f3 e5 7.Nb3 Be6 8.Be3 h5
9.Nd5 Bxd5 10.exd5 Nbd7 11.c4 Rc8 12.Be2 Be7 13.O-O Nb6 14.Rc1 Nfd7 15.Qd2 Bf6
16.Rfd1 O-O 17.Na5 Qc7 18.b4 Bd8 19.c5 dxc5 20.d6 Qb8 21.bxc5 Na4 22.c6 bxc6
23.Nxc6 Qb7 24.Ne7+ Bxe7 25.dxe7  1-0

[Event "2nd IECC"]
[Site "Ohrid MKD"]
[Date "2001.06.11"]
[Round "10"]
[White "Fedorov,Alex"]
[Black "Ermenkov,E"]
[Result "1-0"]
[WhiteElo "2590"]
[BlackElo "2478"]

1.e4 c5 2.Nf3 d6 3.d4 cxd4 4.Nxd4 Nf6 5.Nc3 a6 6.f3 e6 7.Be3 b5 8.g4 Bb7
9.Qd2 Nfd7 10.O-O-O Nb6 11.Nb3 N8d7 12.Na5 Qc7 13.Bf4 Nc8 14.Ne2 Rb8 15.Nxb7 Rxb7
16.h4 Be7 17.Bg5 Ndb6 18.Nd4 O-O 19.Kb1 Re8 20.Bd3 Bf8 21.Qe2 Na4 22.Bc1 Ncb6
23.Ka1 g6 24.h5 Nc3 25.bxc3 Na4 26.Qe1 Bg7 27.hxg6 fxg6 28.Bf1 Nxc3 29.Bb2 b4
30.g5 Na4 31.Rh2 Rc8 32.Bxa6 Nxb2 33.Kxb2 Ra8 34.Bxb7 Qxb7 35.Qe2 Qc7 36.Kb1 Qc5
37.Qd3 Ra3 38.Qb5 Bxd4 39.Qe8+ Kg7 40.Rxh7+ Kxh7 41.Qf7+  1-0

[Event "2nd IECC"]
[Site "Ohrid MKD"]
[Date "2001.06.13"]
[Round "12"]
[White "Socko,B"]
[Black "Najer,E"]
[Result "1/2-1/2"]
[WhiteElo "2554"]
[BlackElo "2600"]

1.e4 c5 2.Nf3 d6 3.d4 cxd4 4.Nxd4 Nf6 5.Nc3 a6 6.f3 e6 7.Be3 b5 8.g4 h6 9.h4 b4
10.Nce2 e5 11.Nb3 Be6 12.Rg1 Nfd7 13.g5 hxg5 14.hxg5 g6 15.Qd2 Nc6 16.Ng3 Nb6
17.O-O-O Nc4 18.Bxc4 Bxc4 19.Kb1 a5 20.f4 Qc7 21.f5 Qb7 22.Qf2 a4 23.Na1 b3
24.a3 Be7 25.Rh1 Rxh1 26.Rxh1 O-O-O 27.cxb3 axb3 28.Nf1 gxf5 29.exf5 Qb5
30.Nd2 d5 31.Nxc4 Qxc4 32.Qg2 Kb7 33.f6 Bf8 34.g6 fxg6 35.Rh7+ Kb8 36.Qxg6 d4
37.Bd2 Bxa3 38.Qe4 Bd6 39.Nxb3 Qxb3 40.Qxc6 Qd3+ 41.Qc2 Qxc2+ 42.Kxc2 e4
43.Rh4 e3 44.Ba5 d3+ 45.Kxd3 Bc7+ 46.Rd4  1/2-1/2

[Event "White Nights"]
[Site "St Petersburg RUS"]
[Date "2001.06.14"]
[Round "6"]
[White "Rogovoi,M"]
[Black "Gerasimovitch,O"]
[Result "1/2-1/2"]
[WhiteElo "2240"]
[BlackElo "2101"]

1.e4 c5 2.Nf3 d6 3.d4 cxd4 4.Nxd4 Nf6 5.Nc3 a6 6.f3 e5 7.Nb3 Be6 8.Be3 Be7
9.Qd2 O-O 10.O-O-O b5 11.g4 b4 12.Na4 Nbd7 13.Kb1 a5 14.h4 Qc7 15.Nc1 Qc6
16.b3 Nc5 17.Bxc5 dxc5 18.Nb2 Rfd8 19.Qe1 Rxd1 20.Qxd1 Nd7 21.Bd3 Nb6 22.Qe2 a4
23.Bb5 Qc7 24.Nc4 axb3 25.cxb3 Nc8 26.Ne3 Nd6 27.Bc4 Nxc4 28.bxc4 g6 29.Nd5 Bxd5
30.exd5 f5 31.h5 Qd6 32.hxg6 Qxg6 33.gxf5 Qxf5+ 34.Qe4 Rf8  1/2-1/2

[Event "5th Open"]
[Site "Voronezh RUS"]
[Date "2001.06.15"]
[Round "4"]
[White "Kuznetsov,Vi2"]
[Black "Aagaard,J"]
[Result "1/2-1/2"]
[WhiteElo "2146"]
[BlackElo "2367"]

1.e4 c5 2.Nf3 d6 3.d4 cxd4 4.Nxd4 Nf6 5.Nc3 a6 6.f3 e6 7.Be3 b5 8.Qd2 Nbd7
9.g4 Nb6 10.a4 bxa4 11.Nxa4 Nxa4 12.Rxa4 Bb7 13.Bd3 d5 14.e5 Nd7 15.f4 Nb6
16.Ra2 Nc4 17.Qf2 Bc5 18.O-O O-O 19.c3 f6 20.exf6 Qxf6 21.b3 Nxe3 22.Qxe3 Rfe8
23.Raf2 Qh4  1/2-1/2

[Event "5th Open"]
[Site "Voronezh RUS"]
[Date "2001.06.15"]
[Round "4"]
[White "Petukhov,D"]
[Black "Amonatov,F"]
[Result "0-1"]
[WhiteElo "2095"]
[BlackElo "2319"]

1.e4 c5 2.Nf3 d6 3.d4 cxd4 4.Nxd4 Nf6 5.Nc3 a6 6.f3 e5 7.Nb3 Be7 8.Be3 h5
9.a4 Be6 10.Qd2 O-O 11.Be2 Nbd7 12.a5 Rc8 13.O-O Qc7 14.Rfc1 Qc6 15.f4 Rfe8
16.Bf3 Qc7 17.f5 Bc4 18.Qd1 d5 19.Nxd5 Bxd5 20.exd5 h4 21.c4 e4 22.Be2 Qe5
23.Qd4 Qxf5 24.c5 Qxd5 25.Qb4 Ne5 26.Rd1 Nd3 27.Qc3 Red8 28.Bd4 h3 29.Rxd3 exd3
30.Bf3 Qg5 31.Bxb7 Rb8 32.Bf3 Rxb3  0-1

[Event "5th Open"]
[Site "Voronezh RUS"]
[Date "2001.06.21"]
[Round "9"]
[White "Kuznetsov,Vi2"]
[Black "Okrugin,S"]
[Result "1-0"]
[WhiteElo "2146"]
[BlackElo "2342"]

1.e4 c5 2.Nf3 d6 3.d4 cxd4 4.Nxd4 Nf6 5.Nc3 a6 6.f3 e6 7.Be3 b5 8.Qd2 Bb7
9.g4 Nfd7 10.a4 bxa4 11.Be2 Nc5 12.Nxa4 d5 13.exd5 Nxa4 14.Rxa4 Bxd5 15.O-O Bd6
16.Bf2 Qc7 17.Kg2 Bxh2 18.Rh1 Be5 19.b4 h6 20.b5 axb5 21.Bxb5+ Kf8 22.Rxa8 Bxa8
23.Rd1 Kg8 24.Bd3 h5 25.g5 h4 26.Be4 Bxe4 27.fxe4 h3+ 28.Kh1 Bf4 29.Be3 Rh4
30.g6 Bxe3 31.Qxe3 Nd7 32.Nb5 Qxc2 33.gxf7+ Kf8 34.Qa3+ Nc5  1-0

[Event "Banc Agricol Blitz"]
[Site "Andorra AND"]
[Date "2001.06.23"]
[Round "2"]
[White "De la Riva Aguado,O"]
[Black "Shirov,A"]
[Result "1-0"]
[WhiteElo "2496"]
[BlackElo "2722"]

1.e4 c5 2.Nf3 d6 3.d4 cxd4 4.Nxd4 Nf6 5.Nc3 a6 6.f3 Qb6 7.Nb3 e6 8.Qe2 Qc7
9.g4 b5 10.Be3 b4 11.Na4 Nbd7 12.Qf2 Rb8 13.g5 Nh5 14.Nd4 e5 15.Nf5 g6 16.Ng3 Nf4
17.O-O-O Be7 18.h4 O-O 19.b3 f6 20.Bc4+ Kh8 21.h5 fxg5 22.hxg6 Nxg6 23.Nf5 Nf6
24.Bxg5 Bxf5 25.exf5 Nf4 26.Bxf4 exf4 27.Be6 d5 28.Qd4 Bd6 29.Rde1 Rb7 30.Kb1 Qd8
31.Nb2 Rg7 32.Nd3 Rg3 33.Nxf4 Bxf4 34.Qxf4 Qb8 35.Qd4 Rxf3 36.Rxh7+ Kxh7
37.Qh4+  1-0

[Event "Banc Agricol Blitz"]
[Site "Andorra AND"]
[Date "2001.06.23"]
[Round "4"]
[White "De la Riva Aguado,O"]
[Black "Shirov,A"]
[Result "1/2-1/2"]
[WhiteElo "2496"]
[BlackElo "2722"]

1.e4 c5 2.Nf3 d6 3.d4 cxd4 4.Nxd4 Nf6 5.Nc3 a6 6.f3 Qb6 7.Nb3 e6 8.Qe2 Qc7
9.Be3 b5 10.Qf2 Nbd7 11.O-O-O b4 12.Ne2 Bb7 13.g4 Rc8 14.Ned4 e5 15.Nf5 g6
16.Ng3 d5 17.g5 d4 18.Bxd4 exd4 19.gxf6 Bh6+ 20.Kb1 Be3 21.Qg2 Nxf6 22.Bd3 Nd7
23.Ne2 Qb6 24.Nexd4 Bxd4 25.Nxd4 Qxd4 26.Bb5 Qxd1+ 27.Rxd1 axb5 28.Qd2 Nc5
29.Qd6 Ne6 30.Qd7+ Kf8 31.Qxb7 Kg7 32.Qxb5 Rhd8 33.Rxd8 Rxd8 34.b3 Rd4 35.a4 bxa3
36.Ka2 Rd2 37.Qe5+ Kg8 38.Qc3 Rxh2 39.b4 Rh5 40.Qc4 Kg7 41.b5 Rc5 42.Qb4 Rxc2+
43.Kxa3 Rc8 44.b6 Ra8+ 45.Kb2 Rb8 46.Qd6 Rb7 47.Qc6 Nd8 48.Qd6 Ne6 49.Kc3 h5
50.f4 h4 51.f5 gxf5 52.exf5 Ng5 53.Kc4 Nf3 54.Qd5 Rxb6 55.Qxf3 Rh6 56.Qg4+ Kf6
57.Kd4 h3 58.Qf4 Rh5 59.Qe5+ Kg5 60.Qg3+ Kxf5 61.Qf3+ Kg6 62.Qg3+ Kh7 63.Qg4 Kh6
64.Qf4+ Kg6  1/2-1/2

[Event "Banc Agricol Blitz"]
[Site "Andorra AND"]
[Date "2001.06.23"]
[Round "6"]
[White "De la Riva Aguado,O"]
[Black "Shirov,A"]
[Result "0-1"]
[WhiteElo "2496"]
[BlackElo "2722"]

1.e4 c5 2.Nf3 d6 3.d4 cxd4 4.Nxd4 Nf6 5.Nc3 a6 6.f3 Qb6 7.Nb3 e6 8.Qe2 Qc7
9.g4 b5 10.g5 Nfd7 11.Be3 b4 12.Nd1 Nc6 13.Nf2 a5 14.Bg2 Ba6 15.Nd3 a4 16.Nd2 Nce5
17.f4 Qxc2 18.Nxb4 Qxb2 19.Nxa6 Qxa1+ 20.Kf2 Qc3 21.fxe5 Qc8 22.Rc1 Qxc1
23.Nc4 Qc3 24.Nc7+ Kd8 25.Nxa8 dxe5 26.Bf1 Bc5 27.Bxc5 Nxc5 28.Kg2 Ke7 29.Nab6 Rd8
30.Qf2 Nxe4 31.Qh4 Qc2+ 32.Kg1 g6  0-1

[Event "12th Open"]
[Site "Ljubljana SLO"]
[Date "2001.06.25"]
[Round "3"]
[White "Sakelsek,T"]
[Black "Novak,G"]
[Result "0-1"]
[WhiteElo "2185"]
[BlackElo "2172"]

1.e4 c5 2.Nf3 d6 3.d4 cxd4 4.Nxd4 Nf6 5.Nc3 a6 6.f3 e5 7.Nb3 Be6 8.Be3 Nbd7
9.Qd2 b5 10.a4 b4 11.Nd5 Bxd5 12.exd5 Nb6 13.Bxb6 Qxb6 14.a5 Qb7 15.Bc4 Be7
16.Ra4 Rb8 17.Nc1 Bd8 18.b3 O-O 19.Na2 e4 20.Nxb4 Re8 21.O-O exf3 22.gxf3 Bxa5
23.Rxa5 Qb6+ 24.Qf2 Qxb4 25.Rfa1 Re5 26.Rxa6 Nxd5 27.Ra8 Ne3 28.f4 Ree8 29.R8a4 Qc3
30.Re1 Ng4 31.Rxe8+ Rxe8 32.Qe2 Nf6 33.Qf2 h5 34.Bd3 Re1+ 35.Kg2 Qc6+ 36.Qf3 Rg1+
37.Kf2 Ng4+ 38.Ke2 Rg2+ 39.Qxg2 Qxg2+ 40.Ke1 g6  0-1

[Event "Open"]
[Site "Batumi GEO"]
[Date "2001.06.28"]
[Round "3"]
[White "Petrosian,D"]
[Black "Morchiashvili,B"]
[Result "1-0"]
[WhiteElo "2284"]
[BlackElo "2136"]

1.e4 c5 2.Nf3 d6 3.d4 cxd4 4.Nxd4 Nf6 5.Nc3 a6 6.f3 e5 7.Nb3 Be6 8.Be3 Nbd7
9.Qd2 b5 10.a4 b4 11.Nd5 Bxd5 12.exd5 Nb6 13.Bxb6 Qxb6 14.a5 Qb7 15.Bc4 g6
16.Ra4 Rb8 17.Qd3 Ra8 18.Qd2 Rb8 19.Nc1 h5 20.Na2 Bh6 21.Qd3 Qd7 22.Rxb4 Rxb4
23.Nxb4 Qa4 24.Qa3 Qd7 25.O-O O-O 26.Qd3 Qa7+ 27.Kh1 Qc5 28.Nc6 e4 29.Qd4 Qxd4
30.Nxd4 Bd2 31.fxe4 Nxe4 32.Nc6 Be3 33.Bxa6 Nf2+ 34.Rxf2 Bxf2 35.g3 g5 36.b4 f5
37.b5 f4 38.b6 fxg3 39.b7 Be1 40.hxg3  1-0

[Event "Open"]
[Site "Batumi GEO"]
[Date "2001.06.29"]
[Round "4"]
[White "Gagunashvili,M"]
[Black "Dzagnidze,N"]
[Result "1/2-1/2"]
[WhiteElo "2414"]
[BlackElo "2241"]

1.e4 c5 2.Nf3 d6 3.d4 cxd4 4.Nxd4 Nf6 5.Nc3 a6 6.f3 e5 7.Nb3 Be6 8.Be3 Be7
9.Qd2 b5 10.O-O-O Nbd7 11.g4 Nb6 12.g5 Nfd7 13.Nd5 Nxd5 14.exd5 Bf5 15.Na5 O-O
16.Nc6 Qe8 17.h4 Nb8 18.Nxe7+ Qxe7 19.h5 Nd7 20.Bh3 Bxh3 21.Rxh3 f5 22.gxf6 Nxf6
23.Rg1 Rf7 24.Qd3 Kh8 25.f4 e4 26.Qd4 h6 27.Rg6 Qb7 28.Rhg3 Rg8 29.b3 Qxd5
30.Qb6 Rb7 31.Qxa6 Rc7 32.Rg2 Rgc8 33.Rxg7 Rxc2+ 34.Rxc2 Rxc2+ 35.Kxc2 Qd3+
36.Kb2 Qe2+ 37.Kb1 Qd3+ 38.Kb2 Qe2+  1/2-1/2

[Event "Open"]
[Site "Batumi GEO"]
[Date "2001.07.04"]
[Round "8"]
[White "Mamedov,Rau"]
[Black "Shengelia,D"]
[Result "1-0"]
[WhiteElo "2306"]
[BlackElo "2385"]

1.e4 c5 2.Nf3 d6 3.d4 cxd4 4.Nxd4 Nf6 5.Nc3 a6 6.f3 e5 7.Nb3 Be7 8.Be3 Be6
9.Qd2 Nbd7 10.O-O-O O-O 11.g4 Nb6 12.Na5 Qc7 13.g5 Nfd7 14.Kb1 Rfd8 15.h4 Nc5
16.Nd5 Nxd5 17.exd5 Bf5 18.Bxc5 dxc5 19.Nc4 Bd6 20.h5 e4 21.fxe4 Bxe4 22.Bg2 Re8
23.Bxe4 Rxe4 24.Nxd6 Qxd6 25.g6 fxg6 26.hxg6 Qxg6 27.Qc3 Qd6 28.Rdg1 Re7
29.Qd3 g6 30.Rh6 Rg7 31.Re1 Rd8 32.a3 Qf4 33.Qh3 Qf7 34.d6 b5 35.Re7 Qf6
36.Rxh7 Rxe7 37.Rxe7 c4 38.Qh7+ Kf8 39.Rf7+ Qxf7 40.Qh8+ Qg8 41.Qf6+ Qf7
42.Qxd8+ Qe8 43.Qc7 b4 44.axb4 Qe5 45.Qc8+ Kg7 46.d7 Qe1+ 47.Ka2 Qxb4 48.d8=Q  1-0

[Event "FSIMA July"]
[Site "Budapest HUN"]
[Date "2001.07.04"]
[Round "3"]
[White "Bjornsson,S"]
[Black "Seres,L"]
[Result "0-1"]
[WhiteElo "2297"]
[BlackElo "2427"]

1.e4 c5 2.Nf3 d6 3.d4 cxd4 4.Nxd4 Nf6 5.Nc3 a6 6.f3 e6 7.Be3 b5 8.Qd2 Nbd7
9.g4 Nb6 10.Bd3 Bb7 11.g5 Nfd7 12.O-O-O Rc8 13.Kb1 Be7 14.h4 b4 15.Nce2 d5
16.Nf4 Nc5 17.e5 Qc7 18.Nh5 g6 19.Nf4 Nbd7 20.h5 Rg8 21.hxg6 hxg6 22.Rh7 Nf8
23.Rh3 Qxe5 24.Nfe2 Qc7 25.f4 Ne4 26.Qc1 Nd7 27.Nf3 Bf8 28.Bd4 Nec5 29.Rh7 Nxd3
30.Rxd3 Bd6 31.Nh2 a5 32.Rdh3 Ba6 33.Rh8 Ke7 34.f5 gxf5 35.Bf6+ Nxf6 36.gxf6+ Kxf6
37.R8h6+ Ke7 38.Nd4 Bf4 39.Nxe6 fxe6 40.Qe1 Qe5 41.Rh7+ Kd6  0-1

[Event "10th AKN Weekender"]
[Site "Haarlem NED"]
[Date "2001.07.07"]
[Round "4"]
[White "Lobzhanidze,D"]
[Black "Szekely,P"]
[Result "1/2-1/2"]
[WhiteElo "2501"]
[BlackElo "2430"]

1.e4 c5 2.Nf3 d6 3.d4 cxd4 4.Nxd4 Nf6 5.Nc3 a6 6.f3 Nc6 7.Nb3 e6 8.Be3 b5
9.Qd2 Bb7 10.O-O-O Be7 11.Qf2 O-O 12.g4 Ne5 13.Rg1 Nfd7 14.g5 Rc8 15.Kb1 b4
16.Ne2 Nc4 17.Ned4 Nxe3 18.Qxe3 Qb6 19.h4 g6 20.Bh3 Rc7 21.Qe1 Rfc8 22.h5 Bf8
23.hxg6 hxg6  1/2-1/2

[Event "PanAm Junior"]
[Site "Yucay PER"]
[Date "2001.07.10"]
[Round "4"]
[White "Della Morte,P"]
[Black "Cubas,Jo"]
[Result "1-0"]
[WhiteElo "2187"]
[BlackElo "2290"]

1.e4 c5 2.Nf3 d6 3.d4 cxd4 4.Nxd4 Nf6 5.Nc3 a6 6.f3 e5 7.Nb3 Be7 8.Be3 Be6
9.Qd2 Nbd7 10.g4 O-O 11.O-O-O b5 12.g5 Nh5 13.Nd5 Bxd5 14.exd5 Qc7 15.Na5 Nf4
16.h4 Nxd5 17.Qxd5 Qxa5 18.h5 Nb6 19.Qb7 Bd8 20.Bd3 Qxa2 21.Qe4 f5 22.gxf6 Bxf6
23.Qxh7+ Kf7 24.Qg6+ Ke7 25.Bxb6 Rac8 26.h6 Qa1+ 27.Kd2 Qxb2 28.hxg7 Rg8
29.Rh6 Qb4+ 30.Ke2 Qf4 31.Be3 Rxg7 32.Bxf4 Rxg6 33.Bxg6 exf4 34.Bf5 Rc3 35.Rh7+ Kf8
36.Rxd6 Re3+ 37.Kf2  1-0

[Event "FSIMA July"]
[Site "Budapest HUN"]
[Date "2001.07.11"]
[Round "10"]
[White "Bjornsson,S"]
[Black "Grafl,F"]
[Result "1-0"]
[WhiteElo "2297"]
[BlackElo "2317"]

1.e4 c5 2.Nf3 d6 3.d4 Nf6 4.Nc3 cxd4 5.Nxd4 a6 6.f3 e5 7.Nb3 Be6 8.Be3 Be7
9.Qd2 O-O 10.O-O-O b5 11.g4 b4 12.Nd5 Bxd5 13.exd5 a5 14.Kb1 Qc7 15.g5 Nfd7
16.h4 f5 17.f4 a4 18.Nc1 Na6 19.Bxa6 Rxa6 20.Nd3 b3 21.cxb3 axb3 22.a3 Qb7
23.Qb4 Rb8 24.Qxb7 Rxb7 25.Nb4 Ra4 26.Rhf1 e4 27.Nc6 Bf8 28.Nd4 g6 29.Ne6 Ra5
30.h5 Rbb5 31.Bd2 Ra7 32.hxg6 hxg6 33.Be3 Ne5 34.Rh1 Nc6 35.Rh8+  1-0

[Event "16th Maccabia GM"]
[Site "Tel Aviv ISR"]
[Date "2001.07.18"]
[Round "4"]
[White "Alekseev,E"]
[Black "Shutzman,J"]
[Result "1-0"]
[WhiteElo "2544"]
[BlackElo "2212"]

1.e4 c5 2.Nf3 d6 3.d4 cxd4 4.Nxd4 Nf6 5.Nc3 a6 6.f3 e6 7.Be3 b5 8.g4 h6 9.Qd2 Nbd7
10.O-O-O Nb6 11.h4 b4 12.Nb1 d5 13.e5 Nfd7 14.f4 Qc7 15.Qf2 Nc4 16.Nd2 Bb7
17.Kb1 Nc5 18.Nxc4 dxc4 19.Rg1 Bd5 20.Bg2 O-O-O 21.Bxd5 exd5 22.Nf5 Ne4 23.Qf3 Qb7
24.Ka1 g6 25.Ng3 Be7 26.h5 c3 27.b3 gxh5 28.gxh5 Rhg8 29.Nf5 Rxg1 30.Rxg1 Bf8
31.Nd4 Be7 32.e6 Bf6 33.Qh3 Kb8 34.exf7 Bxd4 35.Rg8 Qe7 36.Bxd4 Nd6 37.Rxd8+ Qxd8
38.Qe6 Kb7 39.Qxd5+  1-0

[Event "XXI Open"]
[Site "Cullera ESP"]
[Date "2001.07.20"]
[Round "2"]
[White "Tortosa Fito,S"]
[Black "Herrera,I"]
[Result "0-1"]
[WhiteElo "2128"]
[BlackElo "2444"]

1.e4 c5 2.Nf3 d6 3.d4 cxd4 4.Nxd4 Nf6 5.Nc3 a6 6.f3 e6 7.Be3 b5 8.a3 Nbd7
9.Be2 Bb7 10.O-O Be7 11.Qe1 O-O 12.Qg3 Kh8 13.Qh3 d5 14.Rad1 e5 15.Nf5 d4
16.Qg3 Rg8 17.Nxd4 exd4 18.Bxd4 Rc8 19.e5 Nd5 20.Bd3 Nxc3 21.Bxc3 Qb6+ 22.Kh1 Nf8
23.Qh3 b4 24.axb4 Bxb4 25.Bxb4 Qxb4 26.Be4 Re8 27.c3 Qb3 28.Bb1 Qxb2 29.Rd4 Qxc3
30.Rf4 Rxe5  0-1

[Event "ch-Paris Open"]
[Site "Paris FRA"]
[Date "2001.07.22"]
[Round "2"]
[White "Lebrun,X"]
[Black "Salaun,Y"]
[Result "0-1"]
[WhiteElo "2173"]
[BlackElo "2405"]

1.e4 c5 2.Nf3 d6 3.d4 cxd4 4.Nxd4 Nf6 5.Nc3 a6 6.f3 e6 7.Be3 b5 8.Bd3 Nbd7
9.Qd2 Bb7 10.O-O Rc8 11.Kh1 Be7 12.Rae1 O-O 13.Bg1 Qc7 14.f4 b4 15.Nd1 Rfe8
16.Qe2 Nc5 17.e5 Nxd3 18.cxd3 Nd5 19.Qg4 dxe5 20.fxe5 Bf8 21.Qg3 g6 22.Re4 Bg7
23.Nf3 h6 24.h4 a5 25.h5 Nf6 26.Rc4 Nxh5 27.Qg4 Qd7 28.Rd4 Qe7 29.Bh2 Rc2
30.Ne3 Rxb2 31.Nc4 Rxa2 32.Nd6 Rf8 33.Nh4 Ba8 34.Ne4 Bxe5 35.Bxe5 Bxe4 36.Rxe4 Qg5
37.Qxg5 hxg5 38.Nf3 f6 39.Bd6 Rd8 40.Rxe6 Rxd6 41.Rxd6 Ng3+ 42.Kg1 Nxf1 43.Kxf1 b3
44.Rxf6 Rc2 45.Rxg6+ Kf8 46.Rb6 b2 47.Ne1 Rd2  0-1